Largest Cities on the Atlantic - Statistics

General Stats
  • This quiz has been taken 201 times
    147 since last reset
  • The average score is 14 of 25
Answer Stats
Pop. in Milions Answer % Correct
23.7 New York City
98%
5.8 Miami
88%
11.7 Rio De Janeiro
85%
4.5 Boston
80%
20.4 Sao Paulo
80%
14.1 Buenos Aires
78%
13.1 Lagos
68%
10.2 London
68%
3.8 Cape Town
60%
3.2 Casablanca
56%
3.5 Dakar
55%
4.1 Accra
52%
4.7 Barcelona
49%
4.8 Abidjan
48%
13.3 Istanbul
47%
3.4 Fortaleza
46%
4.7 Alexandria
44%
3.3 Recife
44%
3.2 Salvador
44%
3.4 Porto Alegre
39%
3.7 Naples
37%
5.1 St Petersburg
32%
3.1 Izmir
25%
3.0 Tel Aviv
25%
2.9 Douala
21%
No matching quizzes found
Score Distribution
Percent of People with Each Score
Percentile by Number Answered
Your Score History
You have not taken this quiz since the last reset